000 00444cam a2200181ua 4500
020 _c3.00
041 _aeng
_h
082 _a822
_bCHE/ON
100 _aChellappan, K .
245 0 0 _aOne act plays for beginners /
_cK Chellappan.
_hTextual Documents
260 _aChennai :
_bThe National Publishing Co ,
_c1970.
300 _a216 ; .
365 _a3.00
504 _a
942 _cBK
999 _c5890
_d5890